000 00392nam a2200145 i 4500
001 bg
100 1 _aABDULLAEV, G. B.
245 0 _aNekotorye voprosy fiziki elektronnodyrocnych perechodov /
_cG.B. Abdullaev, Z.A. Iskender-Zade.
260 _aBaku,
_c1971.
700 1 _aISKENDER-ZADE, Z. A.
040 _cBPK
041 _apol
942 _cKS
008 s pl f |000 0 pol
999 _c14019
_d14019
856 _uhttp://koha.tu.koszalin.pl/cgi-bin/koha/opac-detail.pl?biblionumber=14019
_yKatalog online BPK